000 00395nam a2200133Ia 4500
008 150610s9999 xx 000 0 und d
020 _a9789812615640
050 _aTX840
_b.B3 2008
100 _aSelva Rajah, Carol
245 _aBarbecues /
_cCarol Selva Rajah.
260 _aSingapore :
_bMarshall Cavendish Cuisine,
_c2008.
300 _a79pages :
_bcol. ;
_c17 cm.
520 _aBarbecue cookery.
999 _c288032
_d288032